LEADER 00928nam a2200229 i 4500 001 000000246979 003 CaOOAMICUS 005 20151203000000.0 008 151203s1970 it u000 u ita u 013 $a225884 040 $aSeMil$bita 245 13$aLa vita e il tempo del Magnifico. 260 $aMilano :$bArnoldo Mondadori Editore,$c1970. 300 $a126 p. :$bill. ;$c23 cm. 490 0 $aI grandi della storia ;$v7 600 14$aLorenzo : de' Medici .$0(OLS)http://semarc/subject/6091 830 2$aI grandi della storia ;$v7.$0(OLS)http://semarc/title/8377 850 $aSeMil 852 $aSeMil$W1$xVenegono$y1$m3W I 326$j197325$B197325$CSeMilBibl$Z2$F208977 $81 961 $aOmaggio: Istituto San Vincenzo 996 $6245$aLa vita e il tempo del Magnifico$9(OLS)http://semarc/title/348882 996 $6260$aMilano :$bArnoldo Mondadori Editore$9(OLS)http://semarc/publisher/30056 LEADER 00611nas a2200169 i 4500 001 000000002315 003 CaOOAMICUS 005 20180830125435.0 008 180830n it uu u0 0ita r 040 $aSeMil$bita 245 10$aGazzetta privilegiata di Milano. 260 $aMilano :$b[s.n.] 500 $aConsistenza: 16. (1845, 1 gennaio) - 19. (1848, 18 marzo). 710 1 $aRegno Lombardo-Veneto.$0(OLS)http://semarc/name/1951 774 0 $tTitolo mancante.$w()131018 996 $6245$aGazzetta privilegiata di Milano$9(OLS)http://semarc/title/3881 996 $6260$aMilano :$b[s.n.]$9(OLS)http://semarc/publisher/29709